Australische Staten en gebieden - Statistieken

Algemene statistieken
  • Deze quiz is 13 keer genomen
  • De gemiddelde score is 5 van 8
Antwoorden op de kaart
Antwoorden kleurgecodeerd door een groen-rode schaal op de quizkaart volgens % correct hieronder.
 
Antwoordstatistieken
State or Territory % Correct
Queensland
89%
Nieuw-Zuid-Wales
78%
Tasmanië
78%
Victoria
78%
West Australië
78%
Zuid Australië
78%
Noordelijk Territorium
44%
Australisch Hoofdstedelijk Territorium
22%
Geen overeenkomende quizzen gevonden
Scoreverdeling
Procent van Mensen met Elke Score
Percentiel versus Aantal Correcte Antwoorden
Uw Scoregeschiedenis
U heeft deze quiz nog niet genomen